• 首页
  • 本馆介绍
  • 公告通知
  • 最新文献
  • 馆藏检索
  • 电子资源
  • 读者导购
  • 参考咨询
  • 我的图书馆
  • 登录
  • 详细信息显示
  • 放入我的书架
  • 预约/预借图书
  • 作者相关作品
  • 分类相关作品
  • 丛书相关作品
  • 出版社相关作品

书目信息

  • 表格格式
  • 工作单格式
  • 卡片格式
题名:
医学心理学
    
 
作者: 杜玉凤 , 李建明 主编
分册:  
出版信息: 天津   天津科学技术出版社  2005
页数: 248页
开本: 26cm
丛书名:
单 册:
中图分类: R395.1
科图分类:
主题词: 医学心理学 , 医学心理学 , 病理心理学
电子资源:
ISBN: 7-5308-3291-3
000 00868nam0 2200265 45
001 0661474170
005 20060930091148.15
010    @a7-5308-3291-3@dCNY25.00
100    @a20050830d2005 em y0chiy0110 ea
101 0  @achi
102    @aCN@b120000
105    @ay z 000yy
106    @ar
200 1  @a医学心理学@f杜玉凤, 李建明主编@Ayi xue xin li xue
210    @a天津@c天津科学技术出版社@d2005
215    @a248页@d26cm
330    @a全书共分10章,包括绪论,心理学基础、医学心理学主要理论、心理卫生、心理应激、心理诊断、心身疾病、心理治疗与咨询、变态心理和护理心理等内容,较为系统地介绍了医学心理学的基本理论、技能和方法。
606 0  @a医学心理学
606 0  @a医学心理学
606 0  @a病理心理学
690    @aR395.1@v3
701  0 @a杜玉凤@4主编@Adu yu feng
701  0 @a李建明@4主编@Ali jian ming
801 0  @c20060930
905    @a10447@dR395.1@e117
    
    医学心理学/杜玉凤, 李建明主编.-天津:天津科学技术出版社,2005
    248页;26cm
    
    
    ISBN 7-5308-3291-3:CNY25.00
    全书共分10章,包括绪论,心理学基础、医学心理学主要理论、心理卫生、心理应激、心理诊断、心身疾病、心理治疗与咨询、变态心理和护理心理等内容,较为系统地介绍了医学心理学的基本理论、技能和方法。
●
相关链接 在E读中查询图书 在五车中查询图书 在当当中查询图书 在豆瓣中查询图书


正题名:医学心理学     索取号:R395.1/117         预约/预借

序号 登录号 条形码 馆藏地/架位号 状态 备注
1 0484110   204841109   密集书库/ [索取号:R395.1/117] 在馆    
2 0484111   204841118   密集书库/ [索取号:R395.1/117] 在馆    
3 0484112   204841127   密集书库/ [索取号:R395.1/117] 在馆    
4 0484113   204841136   密集书库/ [索取号:R395.1/117] 在馆    
5 0484114   204841145   密集书库/ [索取号:R395.1/117] 在馆    
6 0484115   204841154   密集书库/ [索取号:R395.1/117] 在馆    
7 0484116   204841163   密集书库/ [索取号:R395.1/117] 在馆    
唐山师范学院图书馆 欢迎您!
大连网信软件有限公司© 版权所有